Normal view
MARC view
- Cano González, Ramón
Entry Nombre personal
001 - NÚMERO DE CONTROL
- campo de control: 6506
003 - IDENTIFICADOR DEL NÚMERO DE CONTROL
- campo de control: ES-StUEA
005 - FECHA Y HORA DE LA ÚLTIMA TRANSACCIÓN
- campo de control: 20260312140509.0
008 - DATOS DE LONGITUD FIJA
- campo de control de longitud fija: 260312|| aca||aabn | a|a d
040 ## - FUENTE DE LA CATALOGACIÓN
- Centro catalogador/agencia de origen: ES-StUEA
- Centro/agencia transcriptor: ES-StUEA
100 ## - ENCABEZAMIENTO-NOMBRE DE PERSONA
- Nombre de persona: Cano González, Ramón
670 ## - FUENTE DE DATOS ENCONTRADOS
- Cita de la fuente: Work cat.: (ES-StUEA)0: Bachiller Soler, Alfonso 1973- autor aut 6503, Circuitos trifásicos :, 2020